Movilidad y localización de los centros comerciales en San José, Puerto España y Puebla /

Guardado en:
Bibliografiske detaljer
Hovedforfatter: Bussière, Yves
Andre forfattere: Pérez Mendoza, Salvador, Mohammed, Asad, Balbosa-Phillip, Angelique, Aguilar Cruz, Fabiola
Format: Texto
Fag:
Tags: Tilføj Tag
Ingen Tags, Vær først til at tagge denne postø!

MARC

LEADER 00000 a a2200000 04500
001 43074
003
040
100 |a Bussière, Yves  
245 |a Movilidad y localización de los centros comerciales en San José, Puerto España y Puebla /  |c Yves Bussière ; Salvador Pérez Mendoza ; Asad Mohammed ; Angelique Balbosa-Phillip ; Fabiola Aguilar Cruz  
500 |a Título del libro: Transporte urbano en latinoamérica y el caribe: estudios de casos (San José, Puebla, Puerto España, Puerto Príncipe)  
650 |a CENTRO DE LA CIUDAD  
650 |a ZONAS COMERCIALES  
650 |a ZONAS DE RECREACION  
650 |a TRANSPORTE URBANO  
650 |a OCIO  
650 |a CONSUMO DOMESTICO  
650 |a COSTA RICA  
650 |a MEXICO  
650 |a TRINIDAD Y TOBAGO  
650 |a POBLACION  
650 |a TRANSPORTE  
650 |a GENERO  
700 |a Pérez Mendoza, Salvador 
700 |a Mohammed, Asad 
700 |a Balbosa-Phillip, Angelique 
700 |a Aguilar Cruz, Fabiola  
773 |g ( )páginas 21-46  
999 |c 37065  |d 37065